Les deux corps du roi

Αποθηκεύτηκε σε:
Λεπτομέρειες βιβλιογραφικής εγγραφής
Κύριος συγγραφέας: Kantorowicz, Ernst H. (Ernst Hartwig), 1895-1963
Άλλοι συγγραφείς: Genet, Jean-Philippe (Μεταφραστής), Genet, Nicole (trlf)
Μορφή: Βιβλίο
Γλώσσα:French
English
Δημοσίευση: Paris : Gallimard, 1989.
Σειρά:Bibliotheque des histoires
Θέματα:
Ετικέτες: Προσθήκη ετικέτας
Δεν υπάρχουν, Καταχωρήστε ετικέτα πρώτοι!

MARC

LEADER 00000cam a2200000 i 4500
001 1/2752
008 960227s1989 fr | ||| |||| ||fre||
020 |a 2070714160 
035 |l 10014974 
040 |a GR-MyUa  |b gre  |e AACR2 
041 1 |a fre  |h eng 
082 7 |a 291.2   |2 (22) 
100 1 |a Kantorowicz, Ernst H.   |q (Ernst Hartwig),   |d 1895-1963. 
245 1 4 |a Les deux corps du roi /  |c Ernst Kantorowicz 
260 |a Paris :   |b Gallimard,   |c 1989. 
300 |a 638 σ. ;   |c 25 εκ. 
490 1 |a (Bibliotheque des histoires) 
500 |a Τίτλος πρωτοτύπου: The king's two bodies : a study in mediaeval political theology. 
504 |a Περιλαμβάνει βιβλιογραφικές παραπομπές και ευρετήριο. 
650 0 |a Kings and rulers. 
651 0 |a Great Britain  |x Kings and rulers. 
700 1 |a Genet, Jean-Philippe,  |e trl 
700 1 |a Genet, Nicole,  |e trlf 
765 0 8 |i Μετάφραση του:   |t The king's two bodies :  
830 0 |a Bibliotheque des histoires 
852 |a INST  |b LESVOS  |e 19960227  |h 291.2 KAN  |p 005100007203  |q 005100007203  |t BK  |y 0